Normal view
MARC view
- الدبلوماسية -- قواعد السلوك الدبلوماسي
Entry Topical Term
001 - CONTROL NUMBER
- control field: 29273
003 - CONTROL NUMBER IDENTIFIER
- control field: JO-AjAnu
005 - DATE AND TIME OF LATEST TRANSACTION
- control field: 20230606074942.0
008 - FIXED-LENGTH DATA ELEMENTS
- fixed length control field: 230606|| aca||aabn | a|a d
040 ## - CATALOGING SOURCE
- Original cataloging agency: JO-AjAnu
- Transcribing agency: JO-AjAnu
150 ## - HEADING--TOPICAL TERM
- Topical term or geographic name entry element: الدبلوماسية -- قواعد السلوك الدبلوماسي
670 ## - SOURCE DATA FOUND
- Source citation: Work cat.: (JO-AjAnu)15026: خليف ، سلطان احمد , author 29272, إدارة المراسم " أطر مفاهيمية "